000 00740nam a2200241Ia 4500
008 100315s9999 xx 000 0 und d
020 _a0859674584 
040 _cENGLISH 
082 _b8065 
_a300 
100 _a"Raison, Timothy, Barker, Paul "
245 _aThe Founding Fathers Of Social Science
260 _aLondon 
_bScolar Press  
_c1979 
300 _a319 
365 _eRupees 
_d
_b0.00 
366 _f
440 _aA Series From New Society 
505 _gVaibhav Gaikwad 
530 _bDonated By RBI Library  
620 _a"Social Science, Saint-Simon, Karl Marx "
630 _aThe Founding Fathers Of Social Science
730 _aThe Founding Fathers Of Social Science
942 _cBOOK
999 _c482800
_d482797